000 05196cam a22012254i 4500
003 PE-LiUPU
005 20250813185633.0
008 150706s2012 ck a rb 000 0 spa d
020 _a9789586487825
035 _a(Sirsi) i9789586487825
040 _aPE-LiUPU
_bspa
_cPE-LiUPU
_erda
049 _aPRUA
082 0 4 _a337.1
_bV48
_221
100 1 _aVergara Cortina, Nestor,
_eautor.
245 1 0 _aMarketing y comercialización internacional /
_cNestor Vergara Cortina.
264 1 _aBogotá, D.C. :
_bEcoe Ediciones,
_c2012.
300 _a345 páginas :
_bilustraciones ;
_c24 cm.
336 _atext
_2rdacontent
337 _aunmediated
_2rdamedia
338 _avolume
_2rdacarrier
490 0 _aCiencias administrativas. Comercio y negocios internacionales
504 _aBibliografía: p. 343-345 .
505 0 _aIntegración económica -- Antecedentes de la organización mundial de comercio, OMC -- Multilateralismo y regionalismo -- Enfoques teóricos de la integración -- Los acuerdos celebrados en el hemisferio occidental -- Breve reseña del NAFTA, Mencosur, CAN, Mercado común centroamericano, Caricom, TLC-grupo de los tres -- Impacto de los Arccelebrados en el continente americano -- Acceso a mercados -- Medidas de comercio -- Medidas no arancelarias -- Normas y barreras técnicas al comercio -- Normas de origen -- Procedimientos aduaneros -- Regímenes especiales -- Medidas correctivas -- Derechos compensatorios -- Antidumping y competencia -- Salvaguardias -- Agricultura -- Temas relacionados con el comercio -- Inversión extranjera -- Servicios -- El acuerdo de la OMC -- El tema de servicio en los acuerdos regionales de comercio hemisférico -- Compras estatales -- Glosario sucinto de términos utilizados en las negociaciones comerciales -- Marketing internacional -- Población mundial -- Definición de marketing internacional -- ¿En qué consiste la internacionalización? -- Marco del marketing internacional -- Análisis de la empresa -- Análisis de los entornos económicos -- Evaluación del mercado internacional -- Establecimiento de las estrategias de marketing internacional -- Estructuras para operar en el mercado exterior -- Comercialización internacional -- Comercio mundial con énfasis en el comercio agropecuario -- Nociones introductorias de comercialización internacional -- Las negociaciones comerciales -- Los negocios internacionales -- Autoanálisis empresarial -- Análisis del proceso de internacionalización de la empresa -- La empresa multinacional -- El papel de la mediana y pequeña empresa -- La investigación en los negocios internacionales -- Estructura del canal de distribución -- Negocios de exportación -- Políticas y estrategias comerciales de exportación -- Organismos de promoción -- La publicidad de las operaciones de venta internacional -- Negocios de importación -- Los canales de compra en los mercados extranjeros -- La función de las cámaras de comercio binacionales -- Cómo hacer negocios internacionales en cuatro regiones del mundo -- Negocios con empresas de los países de la unión europea.
526 _aP202
526 _aP201
526 _aP163
526 _aP162
526 _aP161
526 _aP160
526 _aP148
526 _aP147
526 _aP146
526 _aP145
526 _aP144
526 _aP143
526 _aP142
526 _aP141
526 _aP140
526 _aP139
526 _aP138
526 _aP137
526 _aP136
526 _aP135
526 _aP134
526 _aP133
526 _aP129
526 _aP128
526 _aP127
526 _aP120
526 _aP119
526 _aP118
526 _aP116
526 _aP115
526 _aP114
526 _aP110
526 _aP109
526 _aP108
526 _aP104
526 _aP103
526 _aP102
526 _aP99
526 _aP98
526 _aP97
526 _aP96
526 _aP95
526 _aP93
526 _aP90
526 _aP89
526 _aP88
526 _aP83
526 _aP82
526 _aP62
526 _aP59
526 _aP58
526 _aP57
526 _aP51
526 _aP49
526 _aP48
526 _aP47
526 _aP29
526 _aP24
526 _aP20
526 _aP19
526 _aP17
526 _aP15
526 _aP14
526 _aP12
526 _aP10
526 _aP09
526 _aP08
526 _aP07
526 _aP06
526 _aP05
526 _aP04
526 _aP01
541 _g030-0015168;
650 0 4 _aComercio internacional.
_94948
650 0 4 _aIntegración económica internacional.
910 _agl
_cjck
_d20131029
942 _2ddc
_cBOOK
949 _a337.1 V48
_wDEWEY
_c1
_i68808
_lCCODEBUL1
_mBUL
_p26.00
_r0
_sY
_tBOOK
_u2015-7-6
_xFCE
_PP04
_o.STAFF. Colección General
994 _aC0
_bPEPRU
596 _a1
999 _a337.1 V48
_wDEWEY
_c56026
_i68808
_d56026
_e2018-8-27
_f2021-11-5
_g6
_lCCODEBUL1
_mBUL
_n8
_p26.00
_r0
_sY
_tBOOK
_u2015-7-6
_xFCE
_PP04
_0COMPRA
_o.STAFF. Colección General
980 _81
_gALBERTO SANCHEZ Responsable de Automatización